000
00346nam a2200157Ia 4500
100
_a
Yashavant/Kanetkar
650
_a
Computers
250
_a
6
942
_c
BK
654
_a
C
245
_a
Let us C:Covers C under windows and Linux
260
_b
BPB
_a
New Delhi
_c
2005
082
_a
005.133 C/YAS
_b
YAS
300
_a
756
546
_a
ENGLISH
999
_c
19498
_d
19498